书目信息 |
| 题名: |
电气自动学
|
|
| 作者: | 伊瓦赫年柯(А·Г·Ивахненко) 著 ;朱物华 译 | |
| 分册: | ||
| 出版信息: | 北京 电力工业出版社 1958 |
|
| 页数: | 239-420页 | |
| 开本: | 19cm | |
| 丛书名: | ||
| 单 册: | ||
| 中图分类: | TM76 | |
| 科图分类: | ||
| 主题词: | 电力系统--自动化 | |
| 电子资源: | ||
| ISBN: | ||
| 000 | 00743nam0 2200217 450 | |
| 001 | 0753969583 | |
| 005 | 20070802104526.92 | |
| 010 | @dCNY1.00 | |
| 091 | @a15036.506 | |
| 100 | @a20070801d1958 km y0chiy0120 ea | |
| 101 | 0 | @achi |
| 102 | @aCN@b110000 | |
| 200 | 1 | @a电气自动学@Adian qi zi dong xue@f(苏)伊瓦赫年柯(А·Г·Ивахненко)著@F(su)yi wa he nian ke(А·Г·Ивахненко)zhu@g朱物华译@Gzhu wu hua yi |
| 210 | @a北京@c电力工业出版社@d1958 | |
| 215 | @a239-420页@d19cm | |
| 606 | 0 | @a电力系统@x自动化 |
| 690 | @aTM76@v3 | |
| 701 | 0 | @a伊瓦赫年柯(А·Г·Ивахненко)@Ayi wa he nian ke(А·Г·Ивахненко)@4著 |
| 702 | 0 | @a朱物华@Azhu wu hua@4译 |
| 801 | 0 | @aCN@bPFT@c20070802 |
| 905 | @a10447@dTM76@e28 | |
| 电气自动学/(苏)伊瓦赫年柯(А·Г·Ивахненко)著/朱物华译.-北京:电力工业出版社,1958 |
| 239-420页;19cm |
| ISBN :CNY1.00 |
| ● |
| 相关链接 |
|
|
|
|
正题名:电气自动学
索取号:TM76/28
 
预约/预借
| 序号 | 登录号 | 条形码 | 馆藏地/架位号 | 状态 | 备注 |
| 1 | 0790720 | 207907201 | 第二样本阅览室/ [索取号:TM76/28] | 在馆 |